<?xml version="1.0" encoding="UTF-8"?><?xml-stylesheet type="text/xsl" href="static/style.xsl"?><OAI-PMH xmlns="http://www.openarchives.org/OAI/2.0/" xmlns:xsi="http://www.w3.org/2001/XMLSchema-instance" xsi:schemaLocation="http://www.openarchives.org/OAI/2.0/ http://www.openarchives.org/OAI/2.0/OAI-PMH.xsd"><responseDate>2026-04-29T10:59:50Z</responseDate><request verb="GetRecord" identifier="oai:uvadoc.uva.es:10324/6531" metadataPrefix="marc">https://uvadoc.uva.es/oai/request</request><GetRecord><record><header><identifier>oai:uvadoc.uva.es:10324/6531</identifier><datestamp>2021-06-29T09:57:17Z</datestamp><setSpec>com_10324_38</setSpec><setSpec>col_10324_852</setSpec></header><metadata><record xmlns="http://www.loc.gov/MARC21/slim" xmlns:doc="http://www.lyncode.com/xoai" xmlns:xsi="http://www.w3.org/2001/XMLSchema-instance" xmlns:dcterms="http://purl.org/dc/terms/" xsi:schemaLocation="http://www.loc.gov/MARC21/slim http://www.loc.gov/standards/marcxml/schema/MARC21slim.xsd">
<leader>00925njm 22002777a 4500</leader>
<datafield tag="042" ind1=" " ind2=" ">
<subfield code="a">dc</subfield>
</datafield>
<datafield tag="720" ind1=" " ind2=" ">
<subfield code="a">Blanco Esteban, Beatriz del</subfield>
<subfield code="e">author</subfield>
</datafield>
<datafield tag="260" ind1=" " ind2=" ">
<subfield code="c">2014</subfield>
</datafield>
<datafield tag="520" ind1=" " ind2=" ">
<subfield code="a">El proyecto de defensa contra incendios de la comarca Boedo - Ojeda pretende realizar una&#xd;
planificación de la prevención y la defensa contra incendios en la comarca.&#xd;
La comarca es de especial interés debido a su situación de transición entre los campos y las&#xd;
montañas, lo que la hace especialmente variable en ecosistemas y con una gran diversidad de&#xd;
flora y fauna.&#xd;
Se trata además de una zona con campos de cultivo adyacentes a los montes, lo que configura&#xd;
una alta probabilidad de ocurrencia de incendios, debido a que el mayor número de incendios en&#xd;
la zona tienen inicio en terreno agrícola y un peligro de rápida propagación del mismo al monte.</subfield>
</datafield>
<datafield tag="024" ind2=" " ind1="8">
<subfield code="a">http://uvadoc.uva.es/handle/10324/6531</subfield>
</datafield>
<datafield ind1=" " ind2=" " tag="653">
<subfield code="a">Bosques-Incendios-Prevención y control</subfield>
</datafield>
<datafield tag="245" ind1="0" ind2="0">
<subfield code="a">Plan de defensa contra incendios en la comarca Boedo - Ojeda.</subfield>
</datafield>
</record></metadata></record></GetRecord></OAI-PMH>